|
|
|
|
| LEADER |
00000nam a22000007a 4500 |
| 005 |
20120618155612.0 |
| 007 |
cr|||| |||| |
| 008 |
120618s2010 pe |||||s|||| 00| 0 spa d |
| 020 |
|
|
|a 978-612-4047-25-1
|
| 035 |
|
|
|a 6484
|
| 040 |
|
|
|a vLex
|
| 090 |
|
|
|c 3187
|d 3187
|
| 100 |
1 |
|
|a Atienza Rodrg̕uez, Manuel
|
| 245 |
1 |
0 |
|a Bioťica, Derecho y Argumentacin̤
|h [Recurso electrn̤ico] /
|c Manuel Atienza Rodrg̕uez
|
| 256 |
|
|
|a Servicio en ln̕ea
|
| 260 |
|
|
|a Lima :
|b Editorial Palestra,
|c 2010
|
| 300 |
|
|
|a 1 recurso electrn̤ico
|
| 506 |
1 |
|
|a Contenido solo disponible en los productos indicados
|d vLex Global
|d vLex Global (Academic Edition, excluding Law Schools)
|d vLex Global (U.S. Academic Edition, Law Schools)
|d vLex Global (U.S. Academic Edition, excluding Law Schools)
|d vLex Global (Academic Edition, Law Schools)
|
| 650 |
0 |
4 |
|a Bioťica
|z Per︢
|
| 650 |
0 |
4 |
|a Derecho
|z Per︢
|
| 740 |
0 |
|
|a vLex Libros (Servicio en ln̕ea)
|
| 856 |
4 |
0 |
|u http://vlex.com/source/bioetica-derecho-argumentacion-6484
|z Acceso restringido
|
| 942 |
|
|
|c BOOK
|
| 999 |
0 |
|
|a Law
|
| 999 |
0 |
|
|a Bioethics
|